Państwa graniczące z Rosją - Statystyki

Ogólne statystyki
  • Ten quiz został rozwiązany 293 razy
  • Średni wynik to 12 z 14
Statystyki odpowiedzi
Hint Odpowiedź % Poprawnych
L Litwa
97%
Ł Łotwa
97%
P Polska
97%
E Estonia
95%
C Chiny
94%
K Kazachstan
93%
U Ukraina
93%
B Białoruś
92%
M Mongolia
91%
G Gruzja
89%
F Finlandia
87%
A Azerbejdżan
77%
K Korea Północna
76%
N Norwegia
67%
Nie znaleziono quizów pasujących do podanych kryteriów
Rozkład punktacji
Procent ludzi z każdym wynikiem
Percentyl według liczby udzielonych odpowiedzi
Twoja historia wyników
Nie rozwiązałeś tego quizu